00738nam a2200181 a 4500003000200000005001700002008004100019050002800060100002800088245010600116260009300222300004100315504004100356650005100397650004000448650004200488650002600530020250212093040.0120719s19uu xx 00 eng d aPGS LB 1065b.F363 2012 aFernandez, Ma. Lourdes. aLevel of interest and academic achievement in math of SISC grade 6 students /cMa. Lourdes Fernandez. aLas Piñas City, Philippines : bSouthville International School and Colleges, c2012. a30 pages :billustrations ; c28 cm. aIncludes bibliographical references. aMathematics vStudy and teaching (Elementary). aMathematicsvPsychological aspects. aStudent attitudes toward mathematics. aAcademic achievement.